[Event "Calvia Amateur op 15th"]
[Site "Calvia"]
[Date "2018.10.08"]
[Round "3"]
[White "Ramon Sanchez Campins, Pedro"]
[Black "Kounine, Leonid"]
[Result "0-1"]
[WhiteElo "1740"]
[BlackElo "2221"]
[PlyCount "76"]
[EventDate "2018.10.06"]
[EventType "swiss"]
[EventRounds "9"]
[EventCountry "ESP"]
[SourceTitle "CBM 186 Extra"]
[Source "ChessBase"]
[SourceDate "2018.08.24"]
[SourceVersion "1"]
[SourceVersionDate "2018.08.24"]
[SourceQuality "1"]

1. d4 Nf6 2. Nf3 e6 3. g3 b6 4. Bg2 Bb7 5. 0-0 Be7 6. c4 0-0 7. b3 d5 8. Ne5 Nbd7 9. Nxd7 Qxd7 10. Nc3 c5 11. cxd5 exd5 12. Ba3 Rac8 13. Rc1 Rfd8 14. e3 h6 15. Re1 Bf8 16. dxc5 bxc5 17. Qe2 d4 18. Bxb7 Qxb7 19. exd4 cxd4 20. Bxf8 Kxf8 21. Nb1 Rxc1 22. Rxc1 d3 23. Qb2 Ne4 24. Nd2 Ng5 25. h4 Nh3+ 26. Kh2 Nxf2 27. Qa3+ Kg8 28. Qc5 Ng4+ 29. Kg1 Qd7 30. Rf1 Re8 31. Rf4 Re1+ 32. Rf1 Rxf1+ 33. Nxf1 h5 34. Nd2 g6 35. b4 Qe6 36. Nf3 Qf6 37. Qd5 d2 38. Qxd2 Qxf3 0-1

[Event "Calvia Amateur op 15th"]
[Site "Calvia"]
[Date "2018.10.06"]
[Round "1"]
[White "Nesse, David"]
[Black "Kounine, Leonid"]
[Result "1-0"]
[WhiteElo "1773"]
[BlackElo "2221"]
[PlyCount "53"]
[EventDate "2018.10.06"]
[EventType "swiss"]
[EventRounds "9"]
[EventCountry "ESP"]
[SourceTitle "CBM 186 Extra"]
[Source "ChessBase"]
[SourceDate "2018.08.24"]
[SourceVersion "1"]
[SourceVersionDate "2018.08.24"]
[SourceQuality "1"]

1. e4 c6 2. d4 d5 3. e5 Bf5 4. Nf3 e6 5. Be2 h6 6. 0-0 Ne7 7. c3 Bg6 8. Bf4 Nf5 9. Nbd2 Nd7 10. Re1 Be7 11. Nf1 0-0 12. Bd3 Nh4 13. Nxh4 Bxd3 14. Qxd3 Bxh4 15. Bd2 Re8 16. Re3 Nf8 17. Rh3 Ng6 18. g3 Be7 19. Ne3 Qb6 20. Ng4 Qb5 21. Qe3 Bg5 22. f4 Be7 23. Nf6+ gxf6 24. f5 exf5 25. Qxh6 Rec8 26. e6 f4 27. Qh7+ 1-0

[Event "Llucmajor op 2nd"]
[Site "Llucmajor"]
[Date "2013.04.29"]
[Round "2"]
[White "Larino Nieto, David"]
[Black "Kounine, Leonid"]
[Result "1-0"]
[WhiteElo "2508"]
[BlackElo "2242"]
[PlyCount "73"]
[EventDate "2013.04.28"]
[EventType "swiss"]
[EventRounds "9"]
[EventCountry "ESP"]
[SourceTitle "CBM 154 Extra"]
[Source "ChessBase"]
[SourceDate "2013.06.25"]
[SourceVersion "2"]
[SourceVersionDate "2013.06.25"]
[SourceQuality "1"]

1. Nf3 d5 2. e3 Nf6 3. b3 g6 4. Bb2 Bg7 5. c4 c6 6. h3 0-0 7. g4 dxc4 8. bxc4 Na6 9. d4 Ne4 10. Bd3 Nd6 11. Nbd2 Nb4 12. Bb1 a5 13. e4 b5 14. a3 Na6 15. c5 Ne8 16. Qc2 Nac7 17. Ne5 Bxe5 18. dxe5 Ne6 19. Qc3 N8g7 20. Qe3 Qc7 21. Ba2 g5 22. h4 Nf4 23. 0-0-0 Rd8 24. hxg5 Nd3+ 25. Kb1 Nxb2 26. Rxh7 Rxd2 27. Rdh1 Rd1+ 28. Rxd1 Nxd1 29. g6 e6 30. Qh6 fxg6 31. Rh8+ Kf7 32. Qf4+ Nf5 33. Rh7+ Ke8 34. Rxc7 Nc3+ 35. Ka1 Nxa2 36. Kxa2 Kd8 37. Rh7 1-0

[Event "Centrocoop op"]
[Site "Eforie Nord"]
[Date "2000.??.??"]
[Round "?"]
[White "Bodnar, Ovidiu"]
[Black "Kounine, Leonid"]
[Result "1/2-1/2"]
[WhiteElo "2160"]
[BlackElo "1650"]
[PlyCount "95"]
[EventDate "2000.??.??"]
[EventType "swiss"]
[EventRounds "9"]
[EventCountry "ROU"]
[SourceTitle "EXT 2004"]
[Source "ChessBase"]
[SourceDate "2003.11.25"]
[SourceVersion "1"]
[SourceVersionDate "2003.11.25"]
[SourceQuality "1"]

1. d4 Nf6 2. c4 e6 3. Nc3 Bb4 4. a3 Bxc3+ 5. bxc3 b6 6. f3 d5 7. cxd5 exd5 8. Bg5 Qe7 9. Qc2 0-0 10. e4 dxe4 11. Bxf6 Qxf6 12. Qxe4 Nc6 13. Bd3 g6 14. Ne2 Bb7 15. Qf4 Qxf4 16. Nxf4 Na5 17. Kf2 Rfe8 18. Rhe1 Kf8 19. Be4 Rad8 20. Bxb7 Rxe1 21. Rxe1 Nxb7 22. Re5 c6 23. Ke3 Re8 24. Ke4 Rxe5+ 25. Kxe5 Ke7 26. d5 f6+ 27. Kd4 c5+ 28. Kd3 b5 29. c4 a6 30. Ne6 Kd6 31. Nf8 Na5 32. cxb5 axb5 33. Nxh7 Ke7 34. g4 Nc4 35. g5 f5 36. Nf6 Nxa3 37. h4 Nc4 38. h5 Ne5+ 39. Ke2 gxh5 40. Nxh5 b4 41. f4 b3 42. Kd2 Ng6 43. Kc3 c4 44. Ng3 Nxf4 45. Nxf5+ Kf7 46. Nd6+ Kg6 47. Nxc4 Nxd5+ 48. Kxb3 1/2-1/2

[Event "Centrocoop op"]
[Site "Eforie Nord"]
[Date "2000.??.??"]
[Round "?"]
[White "Kounine, Leonid"]
[Black "Izraelyants, Karen"]
[Result "1-0"]
[WhiteElo "1650"]
[BlackElo "2165"]
[PlyCount "66"]
[EventDate "2000.??.??"]
[EventType "swiss"]
[EventRounds "9"]
[EventCountry "ROU"]
[SourceTitle "EXT 2004"]
[Source "ChessBase"]
[SourceDate "2003.11.25"]
[SourceVersion "1"]
[SourceVersionDate "2003.11.25"]
[SourceQuality "1"]

1. e4 c6 2. Nc3 d5 3. Nf3 Bg4 4. h3 Bh5 5. exd5 cxd5 6. d4 Nf6 7. Bb5+ Nc6 8. g4 Bg6 9. Ne5 Rc8 10. h4 h6 11. Nxg6 fxg6 12. Qd3 Qd7 13. Qxg6+ Kd8 14. Be3 e6 15. Ne2 a6 16. Bxc6 Rxc6 17. f3 Bd6 18. Qd3 Qc7 19. c3 b5 20. a3 Re8 21. 0-0 Bh2+ 22. Kh1 e5 23. dxe5 Qxe5 24. Nd4 Rc7 25. Bf2 Qd6 26. Kg2 Be5 27. Nf5 Qf8 28. Bb6 g6 29. Nd4 Nd7 30. Bxc7+ Kxc7 31. Qd2 Qf6 32. g5 hxg5 33. Qxg5 Qf4 1-0

[Event "Centrocoop op"]
[Site "Eforie Nord"]
[Date "2000.??.??"]
[Round "?"]
[White "Linca, Ionel"]
[Black "Kounine, Leonid"]
[Result "0-1"]
[WhiteElo "2050"]
[BlackElo "1650"]
[PlyCount "84"]
[EventDate "2000.??.??"]
[EventType "swiss"]
[EventRounds "9"]
[EventCountry "ROU"]
[SourceTitle "EXT 2004"]
[Source "ChessBase"]
[SourceDate "2003.11.25"]
[SourceVersion "1"]
[SourceVersionDate "2003.11.25"]
[SourceQuality "1"]

1. f4 c5 2. Nf3 g6 3. g3 Bg7 4. c4 Nc6 5. Nc3 e6 6. e4 d6 7. Bg2 Nge7 8. 0-0 0-0 9. b3 Nd4 10. Bb2 Nec6 11. Nxd4 Nxd4 12. Rb1 Rb8 13. Ne2 Nxe2+ 14. Qxe2 Bxb2 15. Rxb2 a6 16. g4 b5 17. d3 e5 18. Qf2 f6 19. Qg3 g5 20. fxg5 fxg5 21. Rxf8+ Qxf8 22. Rf2 Qe7 23. h3 Be6 24. Qe3 Rf8 25. Rxf8+ Kxf8 26. cxb5 axb5 27. a4 b4 28. a5 Bxb3 29. a6 Be6 30. a7 Qxa7 31. Qxg5 Qe7 32. Qh6+ Ke8 33. Bf3 b3 34. Qc1 Qb7 35. Qh6 Qf7 36. g5 b2 37. Bh5 b1Q+ 38. Kh2 Qc2+ 39. Kh1 Qc1+ 40. Kh2 Qcf4+ 41. Kh1 Qf1+ 42. Kh2 Qxh3+ 0-1